| 000 | 00475nam a2200181Ia 4500 | ||
|---|---|---|---|
| 001 | 15559 | ||
| 005 | 20260306170205.0 | ||
| 008 | 260306t2005||||xx |||||||||||||| ||und|| | ||
| 041 | _aESP | ||
| 082 |
_a547 _bC69 |
||
| 100 |
_aCliment Olmedo, María José _eAUT |
||
| 245 | 0 |
_aExperimentación en química: _bquímica orgánica. Ingeniería química |
|
| 260 | _c2005 | ||
| 300 |
_a209 páginas : _c24 cm. |
||
| 650 | _aGEN | ||
| 654 | _aCCN | ||
| 942 |
_cLIB _dJUS _fJUS _2ddc _n |
||
| 999 |
_c15559 _d15559 |
||